[Event "Nova Gorica op-B 26th"]
[Site "Nova Gorica"]
[Date "2022.09.21"]
[Round "6"]
[White "Vicic, Maks"]
[Black "Gabrscek, Nejc"]
[Result "0-1"]
[WhiteElo "1267"]
[BlackElo "1121"]
[PlyCount "108"]
[EventDate "2022.09.16"]
[EventType "swiss"]
[EventRounds "7"]
[EventCountry "SLO"]
[SourceTitle "EXT 2023"]
[Source "ChessBase"]
[SourceDate "2022.10.05"]
[SourceVersion "1"]
[SourceVersionDate "2022.10.05"]
[SourceQuality "1"]

1. e4 e5 2. Nf3 Nc6 3. Bc4 Bc5 4. d4 Bb4+ 5. c3 Bd6 6. Qb3 Qf6 7. 0-0 Na5 8. dxe5 Bxe5 9. Bxf7+ Kf8 10. Qb4+ Bd6 11. Qxa5 Qxf7 12. e5 b6 13. Qb5 Bc5 14. b4 a6 15. Qd3 Be7 16. Qe4 Ra7 17. Ng5 Bxg5 18. Bxg5 Bb7 19. Qf4 Qxf4 20. Bxf4 Ne7 21. c4 Ng6 22. Bg3 Kf7 23. Nc3 Re8 24. Rfe1 Ne7 25. Rad1 Bc8 26. Nd5 Nxd5 27. cxd5 a5 28. bxa5 Rxa5 29. Rd2 Bb7 30. Rc2 Bxd5 31. Rxc7 Bc6 32. Re2 Ke6 33. h3 g5 34. Rd2 Raa8 35. f3 Kf5 36. Rd6 Re6 37. Rd2 Ree8 38. Rb2 Ra6 39. Rd2 Raa8 40. Bh2 Re6 41. Rb2 b5 42. Rd2 Kg6 43. Kf1 Kf7 44. Re2 Ke8 45. Bg1 Kd8 46. Bb6 Ke8 47. Ra7 Rxa7 48. Bxa7 Bd5 49. Re1 Bxa2 50. Bb8 Rb6 51. Bd6 b4 52. Re2 Bc4 53. Ke1 Bxe2 54. Kxe2 b3 0-1

[Event "Otocec Krka Terme op"]
[Site "Otocec"]
[Date "2017.11.05"]
[Round "9"]
[White "Vicic, Maks"]
[Black "Setar, Bogomir"]
[Result "0-1"]
[WhiteElo "1200"]
[BlackElo "1466"]
[PlyCount "66"]
[EventDate "2017.11.02"]
[EventType "swiss"]
[EventRounds "9"]
[EventCountry "SLO"]
[SourceTitle "EXT 2019"]
[Source "ChessBase"]
[SourceDate "2018.10.10"]
[SourceVersion "1"]
[SourceVersionDate "2018.10.10"]
[SourceQuality "1"]

1. e4 e6 2. d4 d5 3. exd5 exd5 4. Nf3 Nf6 5. c4 Bb4+ 6. Nc3 0-0 7. Be2 Ne4 8. Bd2 Nxd2 9. Qxd2 dxc4 10. 0-0-0 b5 11. a3 Ba5 12. Ne5 Bb7 13. Qf4 Bxc3 14. bxc3 Qe7 15. Kb2 f6 16. Ng4 Qxe2+ 17. Rd2 Qe7 18. Ne3 a5 19. Re1 b4 20. Nc2 bxc3+ 21. Kxc3 Qd6 22. Qxd6 cxd6 23. Rb1 Bxg2 24. Ne3 Be4 25. Rb6 d5 26. Rd6 Ra6 27. Rxa6 Nxa6 28. Rb2 Rb8 29. Rxb8+ Nxb8 30. Nf1 Nc6 31. Ng3 Bg6 32. Ne2 Be4 33. Ng3 f5 0-1